| LEADER | 01377nam a2200217 4500 | ||
|---|---|---|---|
| 082 | |a 895.92214 |b NG527TH | ||
| 100 | |a Nguyễn Thiên Sơn | ||
| 245 | |a Hành trình của viên sỏi: |c Nguyễn Thiên Sơn |b Thơ | ||
| 260 | |a H. |b Hội nhà văn |c 2009 | ||
| 300 | |a 57 tr. |c 19 cm | ||
| 520 | |a v.v... | ||
| 653 | |a Âm nhạc | ||
| 653 | |a Việt Nam | ||
| 653 | |a Thơ | ||
| 942 | |2 ddc |c STK0 | ||
| 999 | |c 2027 |d 2027 | ||
| 952 | |0 0 |1 0 |2 ddc |4 0 |6 895_922140000000000_NG527TH |7 1 |8 700 |9 29927 |a qbu |b qbu |c D5 |d 2014-12-12 |g 40000 |o 895.92214 NG527TH |p 5086.c1 |r 0000-00-00 |w 2014-12-12 |y STK0 |0 0 |6 895_922140000000000_NG527TH | ||
| 952 | |0 0 |1 0 |2 ddc |4 0 |6 895_922140000000000_NG527TH |7 0 |8 700 |9 29928 |a qbu |b qbu |c D5 |d 2014-12-12 |g 40000 |o 895.92214 NG527TH |p 5086.c2 |r 0000-00-00 |w 2014-12-12 |y STK0 |0 0 |6 895_922140000000000_NG527TH | ||
| 952 | |0 0 |1 0 |2 ddc |4 0 |6 895_922140000000000_NG527TH |7 0 |8 700 |9 29929 |a qbu |b qbu |c D5 |d 2014-12-12 |g 40000 |o 895.92214 NG527TH |p 5086.c3 |r 0000-00-00 |w 2014-12-12 |y STK0 |0 0 |6 895_922140000000000_NG527TH | ||
| 952 | |0 0 |1 0 |2 ddc |4 0 |6 895_922140000000000_NG527TH |7 0 |8 700 |9 29930 |a qbu |b qbu |c D5 |d 2014-12-12 |g 40000 |o 895.92214 NG527TH |p 5086.c4 |r 0000-00-00 |w 2014-12-12 |y STK0 |0 0 |6 895_922140000000000_NG527TH | ||
| 952 | |0 0 |1 0 |2 ddc |4 0 |6 895_922140000000000_NG527TH |7 0 |8 700 |9 29931 |a qbu |b qbu |c D5 |d 2014-12-12 |g 40000 |o 895.92214 NG527TH |p 5086.c5 |r 0000-00-00 |w 2014-12-12 |y STK0 |0 0 |6 895_922140000000000_NG527TH | ||